| 000 | 00433cam a22001217a 4500 | ||
|---|---|---|---|
| 008 | 180718b1989 xxu||||| |||| 00| 0 eng d | ||
| 082 | _aZ46x5413 P886 | ||
| 100 | _aJagdish Prasad | ||
| 245 |
_aMarketable surplus and market performance: a study with special reference to Muzaffarpur foodgrain market in Bihar _cby Jagdish Prasad |
||
| 260 |
_aDelhi _bMittal _c1989 |
||
| 300 | _a252p. | ||
| 650 | _aAgricultural marketing - India - Bihar | ||
| 999 |
_c351608 _d351608 |
||